[Event "Merano Gold Cup 29th"]
[Site "Merano"]
[Date "2001.??.??"]
[Round "1"]
[White "Thonig, Manfred"]
[Black "Zehrfeldt, Martin"]
[Result "0-1"]
[WhiteElo "1588"]
[BlackElo "1944"]
[PlyCount "70"]
[EventDate "2001.05.??"]
[EventType "swiss"]
[EventRounds "9"]
[EventCountry "ITA"]
[SourceTitle "EXT 2005"]
[Source "ChessBase"]
[SourceDate "2004.11.15"]
[SourceVersion "1"]
[SourceVersionDate "2004.11.15"]
[SourceQuality "1"]

1. f4 Nf6 2. b3 g6 3. Bb2 Bg7 4. Nc3 d5 5. d4 Bf5 6. Nf3 c6 7. e3 Qa5 8. Be2 Ne4 9. 0-0 Nxc3 10. Bxc3 Qxc3 11. Bd3 Bxd3 12. cxd3 Nd7 13. Rc1 Qa5 14. Rf2 Nf6 15. Ne5 e6 16. Rc5 Qd8 17. g4 h5 18. g5 Nd7 19. Rcc2 Nxe5 20. dxe5 Qb6 21. Qc1 Rd8 22. d4 Bf8 23. h4 Be7 24. b4 0-0 25. a4 Bxb4 26. a5 Qa6 27. Ra2 Rd7 28. Rfb2 Be7 29. Qc3 Rfd8 30. Kf2 c5 31. dxc5 d4 32. exd4 Rxd4 33. Qc1 Rc4 34. Qb1 Rxf4+ 35. Kg3 Rg4+ 0-1

[Event "Merano Gold Cup 29th"]
[Site "Merano"]
[Date "2001.??.??"]
[Round "2"]
[White "Zehrfeldt, Martin"]
[Black "Fischer, Roger"]
[Result "0-1"]
[WhiteElo "1944"]
[BlackElo "2151"]
[PlyCount "102"]
[EventDate "2001.05.??"]
[EventType "swiss"]
[EventRounds "9"]
[EventCountry "ITA"]
[SourceTitle "EXT 2005"]
[Source "ChessBase"]
[SourceDate "2004.11.15"]
[SourceVersion "1"]
[SourceVersionDate "2004.11.15"]
[SourceQuality "1"]

1. e4 d6 2. d4 Nf6 3. Nc3 g6 4. Nf3 Bg7 5. Bc4 0-0 6. h3 Nxe4 7. Nxe4 d5 8. Bd3 dxe4 9. Bxe4 Nd7 10. Be3 c6 11. Bd3 e5 12. dxe5 Nxe5 13. Nxe5 Bxe5 14. c3 Be6 15. Be2 Qc7 16. Qa4 b5 17. Qh4 f5 18. 0-0 f4 19. Bd4 Bxd4 20. cxd4 Bd5 21. Bf3 Bxf3 22. gxf3 Qd8 23. Qg4 Rf5 24. Kh2 Qxd4 25. Rad1 Qxb2 26. Rd6 Rf6 27. Rd7 Qxa2 28. Qh4 Rf7 29. Rfd1 Raf8 30. R1d2 Qa1 31. R7d6 Qc3 32. R2d3 Qc5 33. Kg2 Qf5 34. Rc3 c5 35. Rcd3 Qh5 36. Qxh5 gxh5 37. Rc6 c4 38. Rd5 Rf5 39. Rd7 R8f7 40. Rd8+ Kg7 41. h4 a5 42. Ra8 a4 43. Kf1 Re5 44. Ra5 Rfe7 45. Rb6 Rc7 46. Rbxb5 Rxb5 47. Rxb5 c3 48. Rb1 c2 49. Rc1 a3 50. Ke2 a2 51. Kd2 Kf6 0-1

[Event "Baden-ch Young Seniors"]
[Site "Hockenheim"]
[Date "1994.??.??"]
[Round "7"]
[White "Raupp, Friedhelm"]
[Black "Zehrfeldt, Martin"]
[Result "1-0"]
[WhiteElo "2000"]
[BlackElo "1955"]
[PlyCount "73"]
[EventDate "1994.??.??"]
[EventType "swiss"]
[EventRounds "9"]
[EventCountry "GER"]
[SourceTitle "EXT 2003"]
[Source "ChessBase"]
[SourceDate "2002.11.25"]
[SourceVersion "1"]
[SourceVersionDate "2002.11.25"]
[SourceQuality "1"]

1. c4 Nf6 2. Nc3 g6 3. Nf3 Bg7 4. g3 d6 5. d4 0-0 6. Bg2 c6 7. 0-0 Nbd7 8. e4 e5 9. h3 Qc7 10. Be3 Re8 11. Qc2 exd4 12. Nxd4 b6 13. Rad1 Bb7 14. Rfe1 a6 15. a4 a5 16. Bc1 Nc5 17. b3 Rad8 18. Ba3 Qc8 19. Kh2 Rd7 20. Nde2 Qc7 21. Nc1 Rde7 22. Re2 Bc8 23. Rde1 Nfd7 24. Bb2 Nf6 25. Nd3 Ne6 26. Nb1 Nd7 27. Qd1 Ba6 28. Rd2 Bh6 29. f4 b5 30. cxb5 cxb5 31. Nc3 Nb6 32. Nxb5 Bxb5 33. axb5 Rd7 34. Nf2 Qd8 35. Ng4 Bg7 36. Qa1 f6 37. Bxf6 1-0

[Event "Baden-ch Young Seniors"]
[Site "Hockenheim"]
[Date "1994.??.??"]
[Round "5"]
[White "Zehrfeldt, Martin"]
[Black "Falkenstein, Reinhard"]
[Result "1-0"]
[WhiteElo "1955"]
[BlackElo "1795"]
[PlyCount "47"]
[EventDate "1994.??.??"]
[EventType "swiss"]
[EventRounds "9"]
[EventCountry "GER"]
[SourceTitle "EXT 2003"]
[Source "ChessBase"]
[SourceDate "2002.11.25"]
[SourceVersion "1"]
[SourceVersionDate "2002.11.25"]
[SourceQuality "1"]

1. e4 e5 2. Nf3 Nc6 3. Bb5 a6 4. Ba4 Nf6 5. 0-0 Nxe4 6. d4 b5 7. Bb3 d5 8. dxe5 Be6 9. c3 Bc5 10. Nbd2 0-0 11. Bc2 f5 12. Nb3 Bb6 13. Nbd4 Bxd4 14. Nxd4 Nxd4 15. cxd4 f4 16. f3 Ng3 17. Re1 Qh4 18. a4 b4 19. a5 Bf5 20. Bd2 Bxc2 21. Qxc2 Nf5 22. Qd3 Rab8 23. Rec1 Rf7 24. Rc5 1-0